000 00375nam a2200145Ia 4500
008 231129s1982||||xx |||||||||||||| ||spa||
020 _a84-85609-66-2
040 _bspa
082 _a305.3 L864r
100 _aLópez Ibor J.J.
245 0 _aRetrato sexual del varón
260 _c1982
264 _aEdiciones UVE
942 _2ddc
_cBKS
999 _c24065
_d24065